| 000 | 00588nam a2200181 4500 | ||
|---|---|---|---|
| 001 | 118675 | ||
| 003 | ES-MaACL | ||
| 005 | 20230906191141.0 | ||
| 007 | t| | ||
| 008 | 070214s1911 sp r ||||1| spa d | ||
| 100 | 1 |
_aPérez Bua, Manuel. _990679 |
|
| 245 | 1 | 0 |
_aPublicación y juramento de la Carta otorgada de Bayona por el Consejo de Castilla _b: bibliografía y documentos / _cManuel Pérez Bua. |
| 260 |
_aSevilla : _bFrancisco de P. Díaz, _c1911. |
||
| 300 |
_a61 p. ; _c22 cm. |
||
| 502 | _aTesis doctoral. | ||
| 852 |
_aES-MaACL _jT-1311-F-5 |
||
| 852 |
_aES-MaACL _jT-1223-F-4 |
||
| 999 |
_c118675 _d118675 |
||